[Event "Osasco 60 Ann"]
[Site "Osasco"]
[Date "2022.02.20"]
[Round "2"]
[White "Cubas, Jose Fernando"]
[Black "El Debs, Felipe de Cresce"]
[Result "0-1"]
[WhiteElo "2469"]
[BlackElo "2553"]
[PlyCount "76"]
[EventDate "2022.02.19"]
[EventType "tourn"]
[EventRounds "9"]
[EventCountry "BRA"]
[EventCategory "7"]
[SourceTitle "CBM 207 Extra"]
[Source "ChessBase"]
[SourceDate "2022.05.31"]
[SourceVersion "1"]
[SourceVersionDate "2022.05.31"]
[SourceQuality "1"]

1. e4 e5 2. Nf3 Nc6 3. Bb5 Nf6 4. 0-0 Nxe4 5. Re1 Nd6 6. Nxe5 Be7 7. Bd3 Nxe5 8. Rxe5 0-0 9. Nc3 c6 10. Qf3 Ne8 11. b3 d5 12. Bb2 Bf6 13. Ree1 Nc7 14. Ba3 Re8 15. Rxe8+ Nxe8 16. Re1 Be6 17. Bf5 Nc7 18. Ne2 Bxf5 19. Qxf5 Nb5 20. Bc1 Qe7 21. Qd3 Re8 22. Kf1 Qe5 23. Qe3 Qb8 24. Qg3 Qd8 25. Nf4 Nd4 26. Rxe8+ Qxe8 27. c3 Nf5 28. Qg4 g6 29. Qe2 Qd8 30. d4 Qa5 31. Qe8+ Kg7 32. Qd7 Ne7 33. Ne2 Qxa2 34. Qxb7 Qc2 35. f3 Nf5 36. b4 Qd1+ 37. Kf2 Qh1 38. Qc7 Bh4+ 0-1